LIBRARY & INFORMATION CENTRE, KCAET, TAVANUR

ONLINE PUBLIC ACCESS CATALOGUE (OPAC)

Kannirinte kalithoni / (Record no. 175)

MARC details
000 -LEADER
fixed length control field 00469cam a2200193ua 4500
041 ## - LANGUAGE CODE
Language code of text/sound track or separate title mal
082 ## - DEWEY DECIMAL CLASSIFICATION NUMBER
Classification number 894.812308
Item number VAL/KA
100 ## - MAIN ENTRY--AUTHOR NAME
Personal name Valadi, p .
245 ## - TITLE STATEMENT
Title Kannirinte kalithoni /
250 ## - EDITION STATEMENT
Edition statement 1 /
260 ## - PUBLICATION, DISTRIBUTION, ETC. (IMPRINT)
Place of publication Champakulam :
Name of publisher B.K.M book depot ,
Year of publication 1958.
300 ## - PHYSICAL DESCRIPTION
Number of Pages 123 ; .
700 1# - ADDED ENTRY--PERSONAL NAME
Personal name Keshavakurup, .
942 ## - ADDED ENTRY ELEMENTS (KOHA)
Koha item type Books
Holdings
Withdrawn status Lost status Damaged status Home library Current library Date acquired Full call number Accession Number Koha item type
      KAUAET KAUAET 07/04/2012 894.812308 1551 Books
free website counter